Burger Restaurant Chains by Clue 🍔 - Statistics

General Stats
  • This quiz has been taken 295 times
  • The average score is 8 of 12
Answer Stats
Founded Locations Hint Restaurant % Correct
1953 19,384 Home of the Whopper Burger King
98%
1940 41,822 Founded by Ray Kroc McDonald's
97%
1969 7,166 Founded by Dave Thomas Wendy's
83%
1953 3,545 Famous for being a drive-in restaurant Sonic
68%
1986 1,470 Named for the founder and his four sons Five Guys
67%
1921 345 Harold and Kumar went there White Castle
67%
1941 3,186 Same parent company as Hardee's (There's no "Senior") Carl's Jr.
66%
1942 506 Named after barbershop quartet song Red {Robin}
66%
1948 400 Big Lebowski: "Those are good burgers, Walter." In-N-Out
64%
1950 1,033 Texan chain mainly in the South (It's not "Water") Whataburger
60%
2004 404 Burger restaurant, but named after its milkshakes Shake Shack
53%
1951 2,217 Also chicken, tacos, egg rolls; 1993 E. coli outbreak Jack in the Box
35%
No matching quizzes found
Score Distribution
Percent of People with Each Score
Percentile by Number Answered
Your Score History
You have not taken this quiz